00490nam a2200193Ia 450000500170000000800410001702000290005804000190008704100120010608200130011810000170013124500400014826000390018830000120022750400190023965000140025865100140027285000100028620240115094927.0131103s9999 xx 000 0 und d aSBN 04370011 XcGBP 2.00 aLoreto College aEnglish a370bPET aPeters, R.S. aEthics and Education, cR.S.Peters aLondonbGeorge Allen & Unwinc1966 a333 p.  aIncludes index aEducation aEducation aLCLIB